| 000 | 00515nam a2200193Ia 4500 | ||
|---|---|---|---|
| 003 | OSt | ||
| 005 | 20230529102131.0 | ||
| 008 | 210423s2003 xx 000 0 und d | ||
| 040 | _cAL | ||
| 041 | _aeng | ||
| 082 |
_a658 NARP _223 |
||
| 100 |
_aNARAIN (Laxmi). _9115638 |
||
| 245 | _aPublic enterprise management and privatisation. | ||
| 260 |
_aNew Delhi _bS Chand & Company Ltd _c2003 |
||
| 365 |
_b165 _cINR |
||
| 440 | _v2 | ||
| 906 | _aenterprise ; management ; privatisation. ; Public | ||
| 942 |
_2ddc _cBK |
||
| 999 |
_c173521 _d173521 |
||